Stephen Vincent Benet

Saved in:
Bibliografiske detaljer
Hovedforfatter: Stroud, Parry (Author)
Format: Bog
Sprog:engelsk
Udgivet: Nueva York Twayne Publisher 1962
Serier:Twayne's United States authors series
Fag:
Tags: Tilføj Tag
Ingen Tags, Vær først til at tagge denne postø!

MARC

LEADER 00000nam a2200000 a 4500
001 UCX3527
003 CL-VaPUC
008 911112e19620000US |||||||||||||||||eng|d
082 0 4 |a 811.09  |b STR  |2 21 
100 0 |a Stroud, Parry  |e author  |9 319715 
245 1 0 |a Stephen Vincent Benet 
300 |a 173 p 
942 |c BK 
945 |d 19911112 00:00:00 
260 |a Nueva York  |b Twayne Publisher  |c 1962 
600 0 7 |a BENET, STEPHEN VINCENT  |2 CL-VaPUC  |9 319716 
583 |a last modification  |c 19911112 00:00:00  |k Rodrigo Vera 
490 0 |a Twayne's United States authors series 
999 |c 224261  |d 224259 
952 |0 0  |1 0  |4 0  |6 811_090000000000000_STR_1962  |7 0  |8 A  |9 220781  |a BIBEDU  |b BIBEDU  |d 2019-11-15  |i 2895218  |o 811.09 STR 1962  |p 2895218  |r 2019-11-15  |w 2019-11-15  |y BK  |k LIT